| 000 | 00944pam a2200277 i 4500 | ||
|---|---|---|---|
| 999 |
_c127383 _d127383 |
||
| 001 | 2755323 | ||
| 003 | ARRUPE | ||
| 005 | 20180112122416.0 | ||
| 008 | 800130s1980 enka b 101 0 eng | ||
| 010 | _a 79042827 | ||
| 015 | _aGB79 | ||
| 020 | _a0121834506 | ||
| 040 |
_aDLC _cDLC _dDLC |
||
| 050 | 0 | 0 |
_aGN484.43 _b.M4 |
| 082 | 0 | 0 | _a392/.5 |
| 245 | 0 | 4 |
_aThe Meaning of marriage payments / _cedited by J. L. Comaroff. |
| 260 |
_aLondon ; _aNew York : _bAcademic Press, _c1980. |
||
| 300 |
_axii, 264 p. : _bill. ; _c24 cm. |
||
| 490 | 0 | _aStudies in anthropology ; 7 | |
| 500 | _aBased on a symposium held at the University of Manchester in the winter of 1976-7. | ||
| 504 | _aIncludes bibliographies and index. | ||
| 650 | 0 |
_aBride price _xCongresses. _938454 |
|
| 650 | 0 |
_aDowry _xCongresses. _938455 |
|
| 700 | 1 |
_aComaroff, John L., _d1945- _938456 |
|
| 906 |
_a7 _bcbc _corignew _d1 _eocip _f19 _gy-gencatlg |
||
| 942 |
_2lcc _cMONOGRAPH |
||